Patterns Of Competitive Coexistence;USA vs. USSR/ (Record no. 13080)
[ view plain ]
| 000 -LEADER | |
|---|---|
| fixed length control field | 01154cam a22002771 4500 |
| 001 - CONTROL NUMBER | |
| control field | 2169024 |
| 005 - DATE AND TIME OF LATEST TRANSACTION | |
| control field | 20050907091856.0 |
| 008 - FIXED-LENGTH DATA ELEMENTS--GENERAL INFORMATION | |
| fixed length control field | 711013s1966 nyu | b 000 0 eng d |
| 010 ## - LIBRARY OF CONGRESS CONTROL NUMBER | |
| LC control number | 66010471 |
| 040 ## - CATALOGING SOURCE | |
| Original cataloging agency | DLC |
| Transcribing agency | DLC |
| Modifying agency | DLC |
| 042 ## - AUTHENTICATION CODE | |
| Authentication code | lcac |
| 043 ## - GEOGRAPHIC AREA CODE | |
| Geographic area code | e-ur--- |
| -- | n-us--- |
| 050 00 - LIBRARY OF CONGRESS CALL NUMBER | |
| Classification number | E183.8.R9 |
| Item number | K53 |
| 082 00 - DEWEY DECIMAL CLASSIFICATION NUMBER | |
| Classification number | 301.2947073 |
| Item number | PAT |
| Edition number | 22 |
| 245 10 - TITLE STATEMENT | |
| Title | Patterns Of Competitive Coexistence;USA vs. USSR/ |
| Statement of responsibility, etc | Edited by Young Hum Kim |
| 260 ## - PUBLICATION, DISTRIBUTION, ETC. (IMPRINT) | |
| Place of publication, distribution, etc | New York: |
| Name of publisher, distributor, etc | Putnam, |
| Date of publication, distribution, etc | 1966 |
| 300 ## - PHYSICAL DESCRIPTION | |
| Extent | xvi, 484 p.; |
| Dimensions | 21 cm. |
| 500 ## - GENERAL NOTE | |
| General note | Donated by: Alaa Abdel Ghany |
| 504 ## - BIBLIOGRAPHY, ETC. NOTE | |
| Bibliography, etc | Includes bibliography: p. 481-484. |
| 520 ## - SUMMARY, ETC. | |
| Summary, etc | American-Soviet relations covering a variety of topics discussed by scholars, politicians, and government specialists of both countries. |
| 650 #1 - SUBJECT ADDED ENTRY--TOPICAL TERM | |
| Topical term or geographic name as entry element | World politics |
| Chronological subdivision | 1955-1965. |
| 9 (RLIN) | 10143 |
| 651 #0 - SUBJECT ADDED ENTRY--GEOGRAPHIC NAME | |
| Geographic name | United States |
| General subdivision | Relations |
| Geographic subdivision | Soviet Union. |
| 9 (RLIN) | 10144 |
| 651 #0 - SUBJECT ADDED ENTRY--GEOGRAPHIC NAME | |
| Geographic name | Soviet Union |
| General subdivision | Relations |
| Geographic subdivision | United States. |
| 9 (RLIN) | 10145 |
| 942 ## - ADDED ENTRY ELEMENTS (KOHA) | |
| Source of classification or shelving scheme | Dewey Decimal Classification |
| Item type | Book - Borrowing |
| Withdrawn status | Item status | Source of classification or shelving scheme | Damaged status | Not for loan | Vendor | Home library | Current library | Shelving location | Date acquired | Source of acquisition | Total Checkouts | Full call number | Barcode | Date last seen | Koha item type | Public note |
|---|---|---|---|---|---|---|---|---|---|---|---|---|---|---|---|---|
| Dewey Decimal Classification | Central Library | Central Library | First floor | 03/01/2010 | Donation | 301.2947073 PAT | 000019387 | 15/07/2025 | Book - Borrowing | donated by Alaa AbdelGhaney |